| 000 | 00905nam a22002777a 4500 | ||
|---|---|---|---|
| 001 | 7627 | ||
| 003 | FISKH | ||
| 005 | 20250728133919.0 | ||
| 008 | 250728b cb ||||| |||| 00| 0 eng d | ||
| 020 | _a033500711008 | ||
| 040 |
_aFISKH _beng _cFISKH _dFISKH |
||
| 050 | _aPZ7 .J956 | ||
| 082 | _a813 | ||
| 100 | _aKipling, Rudyard | ||
| 245 |
_aThe jungle book : _bWalt disney's / _cAdapted from the Mowli stories by Rudyard Kipling |
||
| 260 |
_aNew York : _bWestern Publishing Company, _c1967. |
||
| 300 |
_a24 unnumbered pages : _bcolor illustrations ; _c20 cm |
||
| 490 | _aA little golden book | ||
| 505 | _aN | ||
| 520 | _aMowgli, a man-cub raised by wolves, is lured from the delights and dangers of the jungle by the song of a village girl. | ||
| 521 | 8 |
_a590
_bLexile estimate |
|
| 521 | 8 |
_aN
_bRaz-Plus |
|
| 650 |
_aAdventure _vAnimals |
||
| 942 |
_2ddc _cBK _n0 |
||
| 999 |
_c7627 _d7627 |
||